|
|
|
|
| LEADER |
00000cas a2200000 a 4500 |
| 001 |
vtls009303223 |
| 003 |
SK-MaSNL |
| 005 |
20260228162336.0 |
| 008 |
080612c20089999xo qr|p 0 a0eng |
| 022 |
|
|
|a 1337-6853
|
| 035 |
|
|
|a (SVKBB)vtls000289745
|
| 040 |
|
|
|a SVKBB
|b slo
|c SVKBB
|d SAVUK
|d SNK
|e AACR2
|
| 041 |
0 |
|
|a eng
|
| 044 |
|
|
|a xo
|c SK
|
| 072 |
|
7 |
|a 615
|x Farmácia. Farmakológia
|2 konspekt
|
| 080 |
|
|
|a 615.1
|2 2011
|
| 080 |
|
|
|a 615.9
|2 2011
|
| 080 |
|
|
|a (051)-027.561
|2 2011
|
| 080 |
|
|
|a 050
|2 2011
|
| 210 |
0 |
|
|a Interdiscip. toxicol.
|
| 222 |
|
0 |
|a Interdisciplinary toxicology
|
| 245 |
0 |
0 |
|a Interdisciplinary toxicology
|
| 260 |
|
|
|a Bratislava
|b Slovak Toxicology Society SETOX
|b Institute of Experimental Pharmacology SASc
|c 2008-
|
| 300 |
|
|
|a zv.
|c 29 cm
|
| 310 |
|
|
|a 4x ročne
|
| 362 |
0 |
|
|a Vol. 1, no. 1 (2008)-
|
| 500 |
|
|
|a Šéfredaktor: 2008-2010, Eduard Ujházy ; 2011-2016, Michal Dubovický ; 2017- , Miroslav Pohanka
|
| 500 |
|
|
|a Evidenčné č. MK SR: EV 3200/09
|
| 500 |
|
|
|a V r. 2012, 2014, 2017, 2020, 2021 boli vydané supplementy
|
| 515 |
|
|
|a Niektoré čísla vychádzajú ako dvojčíslo
|
| 530 |
|
|
|a Online vydanie: Interdisciplinary toxicology (Online) ISSN 1337-9569
|
| 650 |
0 |
7 |
|a farmácia
|2 SNKPH
|9 2467
|
| 650 |
0 |
7 |
|a toxikológia
|2 SNKPH
|9 2607
|
| 650 |
0 |
7 |
|a Pharmacy
|2 SNKPHeng
|9 265418
|
| 650 |
0 |
7 |
|a Toxicology
|2 SNKPHeng
|9 270831
|
| 655 |
|
7 |
|a odborné časopisy
|2 SNKPH
|9 70505
|
| 655 |
|
7 |
|a Professional journals
|2 SNKPHeng
|9 265007
|
| 700 |
1 |
|
|a Ujházy, Eduard,
|d 1946-
|4 pbd
|9 6505
|
| 700 |
1 |
|
|a Dubovický, Michal,
|d 1966-
|4 pbd
|9 12625
|
| 700 |
1 |
|
|a Pohanka, Miroslav
|4 pbd
|9 270832
|
| 710 |
2 |
|
|a Slovenská toxikologická spoločnosť SETOX (Bratislava, Slovensko)
|4 pbl
|9 270833
|
| 710 |
2 |
|
|a Slovenská akadémia vied.
|b Ústav experimentálnej farmakológie
|4 pbl
|9 63976
|
| 852 |
|
|
|a Štátna vedecká knižnica v Banskej Bystrici
|
| 856 |
4 |
1 |
|u http://www.intertox.sav.sk/
|
| 910 |
|
|
|a savuk
|
| 910 |
|
|
|a snk
|
| 916 |
|
|
|a 2008-2012-2014, 2015-2018, 2019
|
| 999 |
|
|
|c 7634
|d 9564
|
| 952 |
|
|
|0 0
|1 0
|4 0
|7 0
|8 0
|a SNK
|b SNK
|d 2013-12-04
|f 1
|i snk2013/29805
|l 0
|o snkČSB 5840/1/2008
|p 17A0858975
|r 2026-02-21 19:33:11
|t č. 1-4
|w 2026-02-21
|y PREZ
|
| 952 |
|
|
|0 0
|1 0
|4 0
|7 0
|8 0
|a SNK
|b SNK
|d 2013-12-04
|i snk2013/29809
|l 0
|o snkČSB 5840/1/2008 D1
|p 17A0858976
|r 2026-02-21 19:33:11
|t č. 1-4
|w 2026-02-21
|y PREZ
|
| 952 |
|
|
|0 0
|1 0
|4 0
|7 0
|8 0
|a SNK
|b SNK
|d 2013-12-04
|f 1
|i snk2013/29812
|l 0
|o snkČSB 5840/2/2009
|p 17A0858977
|r 2026-02-21 19:33:11
|t č. 1-4
|w 2026-02-21
|y PREZ
|
| 952 |
|
|
|0 0
|1 0
|4 0
|7 0
|8 0
|a SNK
|b SNK
|d 2013-12-04
|i snk2013/29824
|l 0
|o snkČSB 5840/2/2009 D1
|p 17A0858978
|r 2026-02-21 19:33:11
|t č. 1-4
|w 2026-02-21
|y PREZ
|
| 952 |
|
|
|0 0
|1 0
|4 0
|7 0
|8 0
|a SNK
|b SNK
|d 2013-12-04
|f 1
|i snk2013/29838
|l 0
|o snkČSB 5840/3/2010
|p 17A0858979
|r 2026-02-21 19:33:11
|t č. 1-4
|w 2026-02-21
|y PREZ
|
| 952 |
|
|
|0 0
|1 0
|4 0
|7 0
|8 0
|a SNK
|b SNK
|d 2013-12-04
|i snk2013/29839
|l 0
|o snkČSB 5840/3/2010 D1
|p 17A0858980
|r 2026-02-21 19:33:11
|t č. 1-4
|w 2026-02-21
|y PREZ
|
| 952 |
|
|
|0 0
|1 0
|4 0
|7 0
|8 0
|a SNK
|b SNK
|d 2013-12-04
|f 1
|i snk2013/29843
|l 0
|o snkČSB 5840/4/2011
|p 17A0858981
|r 2026-02-21 19:33:11
|t č. 1-4
|w 2026-02-21
|y PREZ
|
| 952 |
|
|
|0 0
|1 0
|4 0
|7 0
|8 0
|a SNK
|b SNK
|d 2013-12-04
|i snk2013/29844
|l 0
|o snkČSB 5840/4/2011 D1
|p 17A0858982
|r 2026-02-21 19:33:11
|t č. 1-4
|w 2026-02-21
|y PREZ
|
| 952 |
|
|
|0 0
|1 0
|4 0
|7 0
|8 0
|a SNK
|b SNK
|d 2013-12-04
|f 1
|i snk2013/29847
|l 0
|o snkČSB 5840/5/2012
|p 17A0858983
|r 2026-02-21 19:33:11
|t č. 1-4 + 1 suppl.
|w 2026-02-21
|y PREZ
|
| 952 |
|
|
|0 0
|1 0
|4 0
|7 0
|8 0
|a SNK
|b SNK
|d 2023-09-25
|i snk2023/13720
|l 0
|o snkČSB 5840/11/2018 D1
|p 17A1521511
|r 2026-02-21 19:50:02
|t č. 1-4
|w 2026-02-21
|y PREZ
|
| 952 |
|
|
|0 0
|1 0
|4 0
|7 0
|8 0
|a SNK
|b SNK
|d 2023-09-26
|i snk2023/13787
|l 0
|o snkČSB 5840/13/2020
|p 17A1521518
|r 2026-02-21 19:50:10
|t č. 1 Suppl.
|w 2026-02-21
|y PREZ
|
| 952 |
|
|
|0 0
|1 0
|4 0
|7 0
|8 0
|a SNK
|b SNK
|d 2023-09-26
|i snk2023/13788
|l 0
|o snkČSB 5840/14/2021
|p 17A1521519
|r 2026-02-21 19:50:10
|t č. 1 Suppl.
|w 2026-02-21
|y PREZ
|
| 952 |
|
|
|0 0
|1 0
|4 0
|7 0
|8 0
|a SNK
|b SNK
|d 2021-11-02
|i snk2021/17058
|l 0
|o snkČSB 5840/12/2019 D1
|p 17A1461255
|r 2026-02-21 19:58:48
|t č. 1-4 + 1 suppl.
|w 2026-02-21
|y PREZ
|
| 952 |
|
|
|0 0
|1 0
|4 0
|7 0
|8 0
|a SNK
|b SNK
|d 2014-12-04
|i snk2014/26880
|l 0
|o snkČSB 5840/5/2012 D1
|p 17A0870737
|r 2026-02-21 20:33:18
|t č. 1-4 + Suppl.1
|w 2026-02-21
|y PREZ
|
| 952 |
|
|
|0 0
|1 0
|4 0
|7 0
|8 0
|a SNK
|b SNK
|d 2021-06-03
|f 1
|i snk2021/6262
|l 0
|o snkČSB 5840/12/2019
|p 17A1434300
|r 2026-02-21 21:29:10
|t č. 1-4 + Suppl. 1
|w 2026-02-21
|y PREZ
|
| 952 |
|
|
|0 0
|1 0
|4 0
|7 0
|8 0
|a SNK
|b SNK
|d 2015-06-16
|f 1
|i snk2015/18614
|l 0
|o snkČSB 5840/6/2013
|p 17A1144287
|r 2026-02-21 21:45:07
|t č. 1-4
|w 2026-02-21
|y PREZ
|
| 952 |
|
|
|0 0
|1 0
|4 0
|7 0
|8 0
|a SNK
|b SNK
|d 2015-06-16
|i snk2015/18615
|l 0
|o snkČSB 5840/6/2013 D1
|p 17A1144286
|r 2026-02-21 21:45:07
|t č. 1-4
|w 2026-02-21
|y PREZ
|
| 952 |
|
|
|0 0
|1 0
|4 0
|7 0
|8 0
|a SNK
|b SNK
|d 2015-06-16
|f 1
|i snk2015/18616
|l 0
|o snkČSB 5840/7/2014
|p 17A1144285
|r 2026-02-21 21:45:54
|t č. 1-4 + supl.
|w 2026-02-21
|y PREZ
|
| 952 |
|
|
|0 0
|1 0
|4 0
|7 0
|8 0
|a SNK
|b SNK
|d 2020-03-12
|i snk2020/6396
|l 0
|o snkČSB 5840/10/2017 D1
|p 17A1386389
|r 2026-02-21 21:53:00
|t č. 1-4 + 2 suppl.
|w 2026-02-21
|y PREZ
|
| 952 |
|
|
|0 0
|1 0
|4 0
|7 0
|8 0
|a SNK
|b SNK
|d 2016-11-18
|f 1
|i snk2016/26905
|l 0
|o snkČSB 5840/8/2015
|p 17A1203746
|r 2026-02-21 22:17:34
|t č. 1-4
|w 2026-02-21
|y PREZ
|
| 952 |
|
|
|0 0
|1 0
|4 0
|7 0
|8 0
|a SNK
|b SNK
|d 2016-11-18
|i snk2016/26906
|l 0
|o snkČSB 5840/8/2015 D1
|p 17A1203745
|r 2026-02-21 22:17:34
|t č. 1-4
|w 2026-02-21
|y PREZ
|
| 952 |
|
|
|0 0
|1 0
|4 0
|7 0
|8 0
|a SNK
|b SNK
|d 2020-02-05
|f 1
|i snk2020/2523
|l 0
|o snkČSB 5840/9/2016
|p 17A1386297
|r 2026-02-21 22:22:39
|t č. 1-4
|w 2026-02-21
|y PREZ
|
| 952 |
|
|
|0 0
|1 0
|4 0
|7 0
|8 0
|a SNK
|b SNK
|d 2020-02-05
|f 1
|i snk2020/2527
|l 0
|o snkČSB 5840/10/2017
|p 17A1386298
|r 2026-02-21 22:22:39
|t č. 1-4 + 2 suppl.
|w 2026-02-21
|y PREZ
|
| 952 |
|
|
|0 0
|1 0
|4 0
|7 0
|8 0
|a SNK
|b SNK
|d 2020-02-05
|f 1
|i snk2020/2529
|l 0
|o snkČSB 5840/11/2018
|p 17A1386299
|r 2026-02-21 22:22:39
|t č. 1-4
|w 2026-02-21
|y PREZ
|
| 952 |
|
|
|0 0
|1 0
|4 0
|7 0
|8 0
|a SNK
|b SNK
|d 2020-02-05
|i snk2020/2530
|l 0
|o snkČSB 5840/9/2016 D1
|p 17A1386300
|r 2026-02-21 22:22:39
|t č. 1-4
|w 2026-02-21
|y PREZ
|
| 952 |
|
|
|0 0
|1 0
|4 0
|7 0
|8 0
|a SNK
|b SNK
|d 2016-06-13
|i snk2016/15305
|l 0
|o snkČSB 5840/7/2014 D1
|p 17A1095683
|r 2026-02-21 22:23:38
|t č. 1-4 + suppl. 1
|w 2026-02-21
|y PREZ
|